000 00480nam a2200181Ia 4500
005 20250508150926.0
008 008 250505s9999 xx 000 0 hin d
020 _a81-88077-20-8
037 _aTextual
040 _aFEDL
_beng
_cFEDL
041 _ahin
_2eng
084 _a891.431, SUR
_qFEDL
245 0 _aSursagar. Vol 1
260 _aKashi, India
_bNagari Pracharini Sabha
300 _a860p.
942 _cTEXL
_h891.431, SUR
999 _c1326517
_d1326517